The football World Cup: (Record no. 171102)

MARC details
000 -LEADER
fixed length control field 00598nam a2200181 4500
005 - DATE AND TIME OF LATEST TRANSACTION
control field 20200108142101.0
010 ## - LCCN (DPL NO)
LC control number ENG-127275
020 ## - INTERNATIONAL STANDARD BOOK NUMBER
International Standard Book Number 9789387833517
Terms of availability 295.00
035 ## - SYSTEM CONTROL NUMBER
System control number EN-110807
037 ## - SOURCE OF ACQUISITION
Source of stock number/acquisition DBAD/PUB
082 ## - DEWEY DECIMAL CLASSIFICATION NUMBER
Classification number 796.3
100 ## - MAIN ENTRY--PERSONAL NAME
Personal name Chattopadhyay,Hariprasad
245 ## - TITLE STATEMENT
Title The football World Cup:
Statement of responsibility, etc by Hariprasad Chattopadhyay
Remainder of title An illustrated History /
260 ## - PUBLICATION, DISTRIBUTION, ETC. (IMPRINT)
Place of publication, distribution, etc Kolkata
Name of publisher, distributor, etc Parul Publishers
Date of publication, distribution, etc 2018
270 ## - ADDRESS
Address 8/3 Chintamoni Das Lane Akhaura Road
City Kolkata
Postal code 700009
Electronic mail address anamikapublishers@yahoo.co.in
300 ## - PHYSICAL DESCRIPTION
Extent 112p.
Dimensions 23cm(Hb)
942 ## - ADDED ENTRY ELEMENTS (KOHA)
Source of classification or shelving scheme Dewey Decimal Classification
Item type English Books
Classification part 796.3
Call number suffix CHA
Holdings
Withdrawn status Lost status Not for loan Collection code Home library Current library Date acquired Source of acquisition Cost, normal purchase price Full call number Barcode Copy number Cost, replacement price Koha item type
      Non-fiction Bawana Bawana 06/01/2020 DBAD/PUB 295.00 796.3 CHA EN-110807 1 295.00 English Books

© Delhi Public Library
Hit Counter
free hit counter